Estadísticas para Países más cercanos a Bahrein

Haz click aquí para intentar la prueba.

Estadísticas generales

  • Esta prueba ha sido intentada 27 veces
  • La puntuación promedio es 19 de 20

Estadísticas de respuestas

kmpaís% Correcto
0Arabia Saudita
100%
1Catar
100%
158Emiratos
Árabes Unidos
100%
448Irak
100%
509Omán
100%
771Yemen
100%
191Irán
96%
1269Jordania
96%
1088Pakistán
96%
1283Siria
96%
1325Turquía
96%
1447Armenia
92%
1356Azerbaiyán
92%
1449Egipto
92%
1513Eritrea
92%
322Kuwait
92%
1077Afganistán
88%
1513Somalia
84%
1264Turkmenistán
84%
1449Sudán
68%

Distribución de puntuación

Porcentaje por número respondido

Porcentaje de gente con cada puntuación

Historial de tus puntuaciones

No has intentado esta prueba.